000 00912nam a2200241Ia 4500
999 _c39550
_d39550
001 6149
003 GE_BSU
005 20191206164811.0
008 181216s1991||||ge |||||||||||||| ||geo||
020 _a5529009131
040 _cGE_BSU
041 _ageo
080 _a821.353.1-31 გ-26
100 _aგეგეშიძე, გურამ
_95631
245 _aხმა მღაღადებლისა :
_bრომანი /
_cგურამ გეგეშიძე ; რედ. ზ. ტატიშვილი.
250 _aმეორე გამოცემა.
264 _aთბილისი :
_bსაქართველო,
_c1991.
300 _a510 გვ. ;
_c20 სმ.
653 _aრომანი
653 _aხმა მღაღადებლისა
700 _aტატიშვილი, ზ.
_eრედაქტორი
_95706
942 _cBK
_2udc